000 00985nam a2200253 i 4500
001 59779
003 ES-MaACL
005 20250814221136.0
007 t|
008 031030s1980 sp ||||1| spa d
100 1 _aEnrique y Tarancón, Vicente.
_947273
245 1 0 _aIglesia y política en la España de hoy /
_cVicente E. y Tarancón, Arzobispo de Oviedo, Marcelo González, Narciso Jubani ; prólogo e introducción de Olegario González de Cardedal].
260 _aSalamanca :
_bSígueme,
_c1980.
300 _a143 p. ;
_c22 cm.
490 1 _aMateriales ;
_v19
650 4 _aIglesia y Estado-
_zEspaña-
_yS.XX.
_913561
651 4 _aEspaña-
_xHistoria eclesiástica-
_yS.XX.
_98372
700 1 _aGonzález Martín, Marcelo,
_d1918-2004
_9140601
700 1 _aJubany i Arnau, Narcís (
_d1913-1996)
_9140069
700 1 _aGonzález de Cardedal, Olegario.
_958532
830 0 _aMateriales ;
_v19
_9230534
852 _aES-MaACL
_jL-178
_bR.100630
999 _c59779
_d59779